Budúcnosť ďalšieho vzdelávania

Cieľ ďalšieho vzdelávania. Požiadavky na vzdelanie sa menia. Nové médiá a ich vplyv na vzdelanie. Budúcnosť ďalšieho vzdelávania z pohľadu osôb a inštitúcií, ktoré sa ním zaoberajú.

Salvato in:
Dettagli Bibliografici
Autore principale: Sýkorová, Mária
Natura: Capitolo di libro
Lingua:slovacco
Soggetti:
Tags: Aggiungi Tag
Nessun Tag, puoi essere il primo ad aggiungerne!!

MARC

LEADER 00000naa a2200000 4500
001 r047100
005 20230918124247.6
041 0 |a slo 
044 |a SK 
245 1 0 |a Budúcnosť ďalšieho vzdelávania  |c Mária Sýkorová 
520 |a Cieľ ďalšieho vzdelávania. Požiadavky na vzdelanie sa menia. Nové médiá a ich vplyv na vzdelanie. Budúcnosť ďalšieho vzdelávania z pohľadu osôb a inštitúcií, ktoré sa ním zaoberajú. 
610 2 0 |a vzdelávanie ďalšie 
610 2 0 |a vzdelanie 
610 2 0 |a inštitúcia 
610 2 0 |a médiá 
610 2 0 |a Európa 
100 1 |a Sýkorová, Mária